2017 1st Round NFL Draft Picks - Statistics

General Stats
  • This quiz has been taken 658 times
  • The average score is 11 of 32
Answer Stats
Team Answer % Correct
Cleveland Browns Myles Garrett
93%
Chicago Bears Mitch Trubisky
71%
Kansas City Chiefs Patrick Mahomes
65%
Jacksonville Jaguars Leonard Fournette
56%
Tennessee Titans Corey Davis
54%
Houston Texans Deshaun Watson
53%
San Francisco 49ers Solomon Thomas
53%
NY Jets Jamal Adams
49%
Cincinnati Bengals John Ross
49%
LA Chargers Mike Williams
47%
Carolina Panthers Christian McCaffrey
45%
New Orleans Saints Marshon Lattimore
39%
Pittsburgh Steelers TJ Watt
35%
Cleveland Browns David Njoku
26%
Philadelphia Eagles Derek Barnett
26%
Cleveland Browns Jabrill Peppers
26%
Washington Redskins Jonathan Allen
26%
Dallas Cowboys Taco Charlton
26%
Indianapolis Colts Malik Hooker
25%
San Francisco 49ers Reuben Foster
25%
New Orleans Saints Ryan Ramczyk
23%
Arizona Cardinals Haason Reddick
22%
Baltimore Ravens Marlon Humphrey
22%
NY Giants Evan Engram
21%
Tampa Bay Buccaneers OJ Howard
21%
Atlanta Falcons Takkarist McKinley
20%
Buffalo Bills Tre'Davious White
20%
Tennessee Titans Adoree Jackson
18%
Denver Broncos Garett Bolles
18%
Oakland Raiders Gareon Conley
17%
Detroit Lions Jarrad Davis
17%
Miami Dolphins Charles Harris
14%
No matching quizzes found
Score Distribution
Percent of People with Each Score
Percentile by Number Answered
Your Score History
You have not taken this quiz